Najznámejšie anglické príslovia
Guardado en:
| Formato: | Libro |
|---|---|
| Lenguaje: | inglés eslovaco |
| Publicado: |
Skalica :
INFOA,
1999
|
| Materias: | |
| Etiquetas: |
Sin Etiquetas, Sea el primero en etiquetar este registro!
|
MARC
| LEADER | 00000nam a22000003a 4500 | ||
|---|---|---|---|
| 001 | stu52011 | ||
| 005 | 20150408162231.3 | ||
| 008 | 000211s1999----xo------------------eng-d | ||
| 040 | |a STU |b slo | ||
| 041 | 0 | |a eng |a slo | |
| 044 | |a xo | ||
| 080 | |a 802.0-3 |7 stu_us_auth*stu8003 | ||
| 245 | |a Najznámejšie anglické príslovia | ||
| 260 | |a Skalica : |b INFOA, |c 1999 | ||
| 300 | |a 34 s | ||
| 650 | 7 | |a angličtina |2 stusub | |
| 996 | |b 284EK83156 |c R*83156 |l RRUM |s A |a 24 |w stu52011_0001 | ||